Chats de fiction - Statistiques

Statistiques générales
  • Ce quiz a été pris 58 fois
  • Le résultat moyen est 9 sur 40
Statistiques - réponses
Chat de fiction Univers % Correct
Thomas O'Malley Les Aristochats
84%
Chat Potté Shrek
80%
Oggy Oggy et les Cafards
73%
Azrael Les Schtroumpfs
71%
Miss Teigne Harry Potter
65%
Tom Tom et Jerry
65%
Figaro Pinocchio
55%
Boule de Neige Les Simpson
53%
Chafouin/Chat du Cheshire Alice au pays des merveilles
51%
Salem Sabrina, l'apprentie sorcière
45%
Nekobasu/Chat-bus Mon Voisin Totoro
31%
Nermal Garfield
27%
Jiji Kiki la petite sorcière
20%
Yoruichi Bleach
16%
Madchat Inspecteur Gadget
16%
Sylvestre Looney Tunes
16%
Rusty/Nuage de Feu/Coeur de Feu La Guerre des clans
14%
Buttercup Hunger Games
12%
Orion Men in Black
12%
Snowbell Stuart Little
12%
Artémis Sailor Moon
10%
Chi Chi: Une vie de chat
8%
Sénéchal Cubitus
8%
Mademoiselle Toutenue Friends
8%
Jonesy Alien
6%
Ramsès Feu Vert
6%
Caporal Boule et Bill
4%
Minuit Catwoman
4%
Chloé Comme des bêtes
4%
Cait Sith Final Fantasy
4%
Kyo Fruits Basket
4%
Si La Belle et le Clochard
4%
Loon Le Royaume des chats
4%
Moustache (chat d'une petite fille) Martine
4%
Pythagore Demain les chats
2%
Catmenbert Donald
2%
Tibert Le Roman de Renart
2%
Miss Kitty Fantastico Buffy contre les Vampires
0%
Melvin Largo Winch
0%
Alphonse Les Contes du chat perché
0%
Aucun quiz correspondant
Distribution des résultats
% des personnes avec chaque résultat
Percentile par nombre de réponses
Votre historique - résultats
Vous n’avez pas pris ce quiz